[Event "67th RUS-ch Superfinal Women 2017"]
[Site "St. Petersburg"]
[Date "2017.12.05"]
[Round "3"]
[White "Bodnaruk, Anastasia"]
[Black "Goryachkina, Aleksandra"]
[Result "1/2-1/2"]
[WhiteElo "2428"]
[BlackElo "2486"]
[Annotator "TA"]
[PlyCount "183"]
[EventDate "2017.??.??"]
[EventType "tourn"]
[EventCountry "RUS"]
[SourceTitle "playchess.com"]
[Source "ChessBase"]
[SourceQuality "1"]

{[%evp 24,183,43,29,55,44,61,56,116,108,108,110,85,92,94,94,117,118,144,107,100,104,107,96,162,160,144,149,148,85,86,75,85,87,103,109,149,149,149,156,156,149,150,155,158,158,158,78,158,151,147,0,129,129,202,198,189,118,118,120,120,88,85,78,90,81,105,105,90,0,114,101,100,95,85,0,106,92,125,122,136,127,172,168,169,161,161,151,147,159,125,73,72,59,59,64,66,67,72,70,60,8,8,8,8,8,8,8,8,0,0,0,0,0,0,0,0,0,0,0,0,0,0,0,0,0,0,0,0,0,0,0,8,8,8,8,8,8,8,8,8,8,8,8,8,8,8,8,8,0,0,0,0,0,0,0,8,0,0,0,0,0]} 1. e4 e6 2. d4 d5 3. Nc3 Nf6 4. e5 Nfd7 5. f4 c5 6. Nf3 Nc6 7. Be3 a6 8. Qd2 b5 9. Bd3 Qb6 {C11: Französische Verteidigung} 10. Qf2 cxd4 (10... Bb7 11. O-O h6 12. Kh1 O-O-O 13. dxc5 Bxc5 14. Bxc5 Nxc5 15. a4 b4 16. Ne2 d4 17. Rfd1 {½-½ (95) Kosteniuk,A (2552)-Naiditsch,A (2702) Douglas 2017}) 11. Nxd4 Nxd4 12. Bxd4 Bc5 13. Ne2 {[%cal Bc3e2,Be2d4,Bd4b3,Bb3c5][%mdl 32] LiveBook: 4 Partien} b4 14. O-O Bxd4 15. Nxd4 Nc5 $146 (15... Rb8 $14) ({Vorgänger:} 15... O-O 16. Kh1 a5 17. Qh4 {0-1 (38) Liu,E (2260)-Song,Y (2210) Las Vegas 2007}) 16. Nb3 $16 Na4 17. Qxb6 Nxb6 18. a3 bxa3 19. Rxa3 O-O 20. Nc5 Nc4 21. Bxc4 dxc4 22. Ra4 Rb8 23. Rb1 c3 (23... Bb7 $16) 24. b3 $1 $18 Rd8 25. Rc4 Bb7 26. Nxb7 (26. Rxc3 $142 Rdc8 27. Ra1) 26... Rxb7 $16 27. Rxc3 {[%mdl 4096] Endspiel KTT-KTT} h5 28. Kf2 Rd2+ 29. Kf3 Kh7 30. Ra1 Rb6 31. h4 Kg6 32. Rc7 f6 33. Ra5 Rd1 34. Rc4 Rf1+ 35. Kg3 ({Lieber} 35. Ke2 $1 {[%cal Re2f1]} Rg1 36. Kf2) 35... Rc1 (35... Re1 $142) 36. Kf2 Rh1 37. Kg3 Rc1 38. Rac5 fxe5 (38... Rf1 $16 {kämpft weiter.} 39. Ra5 Rh1) 39. Rxe5 $18 Rd6 40. Rc7 (40. Kh2 $1 $18) 40... Kf6 $16 41. Kh2 g6 42. Re2 a5 43. Rc4 Rcd1 44. Kg3 Rc1 45. Kf2 Rh1 46. Kg3 Rc1 $1 47. Kf3 Rf1+ 48. Rf2 Ra1 49. Re2 Rf1+ 50. Ke4 Rh1 51. Ra4 Rd5 52. c4 Rf5 53. g3 $1 Rd1 54. Rc2 Re1+ {[#]} 55. Kf3 $1 Rb1 {[#]} 56. Rc3 $1 Rc5 57. Ke4 (57. Re3 $142) 57... e5 58. fxe5+ Rxe5+ 59. Kd4 {Droht c5 und aus.} Rbe1 $1 60. Rf3+ Ke6 61. b4 axb4 62. Rxb4 (62. Ra6+ $1 $14 Kd7 63. Rxg6) 62... R1e4+ $1 $11 {Die Stellung ist ausgeglichen.} 63. Kd3 {Und Tb6+ würde nun gewinnen.} Rg4 $1 64. Rb6+ Ke7 65. Rb7+ Ke6 66. Kc3 Rc5 67. Rb4 g5 68. hxg5 Rcxg5 69. Rb6+ Ke7 70. Kb4 Rxg3 71. Rb7+ Ke6 72. Rff7 R3g4 73. Rbe7+ Kd6 74. Ra7 Ke6 75. Rh7 h4 76. Ra6+ Ke5 77. Rah6 Rg6 78. Rh5+ R6g5 79. Rxg5+ ({Bloß nicht} 79. Rxh4 $6 Rg1 $16) 79... Rxg5 80. Rxh4 {zielt auf c5 ab. KT-KT} Kd6 {[#]} 81. c5+ $1 {[%mdl 512]} Kc7 (81... Rxc5 82. Rh6+) 82. Rh7+ Kc8 83. Rh6 Rg7 84. Kb5 {Weiss will Kb6 spielen.} Rb7+ 85. Rb6 (85. Kc6 {is interesting.} Rc7+ 86. Kb6 Rb7+ 87. Ka6 Rg7 88. Rh8+) 85... Rh7 86. Ra6 Rb7+ 87. Kc6 {Weiss droht Ta8+ und Matt.} Rc7+ 88. Kd5 Rd7+ 89. Ke6 {Weiss will mit Ta8+ Matt setzen.} Rd1 90. Rd6 Re1+ 91. Kd5 Kc7 92. Rc6+ {Precision: Weiß = 64%, Schwarz = 64%.} 1/2-1/2

[Event "67th RUS-ch Superfinal Women 2017"]
[Site "St. Petersburg"]
[Date "2017.12.05"]
[Round "3"]
[White "Nechaeva, Marina"]
[Black "Kashlinskaya, Alina"]
[Result "1/2-1/2"]
[WhiteElo "2424"]
[BlackElo "2452"]
[Annotator "TA"]
[PlyCount "82"]
[EventDate "2017.??.??"]
[EventType "tourn"]
[EventCountry "RUS"]
[SourceTitle "playchess.com"]
[Source "ChessBase"]
[SourceQuality "1"]

{[%evp 19,82,0,7,0,19,10,32,18,53,49,64,34,59,58,61,60,63,56,62,54,62,49,48,36,38,39,39,24,35,0,1,6,11,0,0,0,5,0,0,0,0,-13,-5,-42,-4,-6,-7,-17,0,-11,0,0,0,0,0,0,0,-2,0,-2,-2,-2,-2,-2,0]} 1. d4 Nf6 2. c4 e6 3. Nf3 d5 4. Nc3 Bb4 5. cxd5 exd5 6. Bg5 h6 7. Bh4 O-O {D38: Queen's Gambit Declined: Ragozin Defence (4 Nf3 Bb4)} 8. e3 Bf5 9. Bd3 Bxd3 10. Qxd3 Nbd7 {LiveBook: 3 Games} 11. Qb5 $146 ({Predecessor:} 11. Ne5 Qe8 12. O-O c6 13. Nxd7 Nxd7 14. a3 Bd6 15. e4 dxe4 16. Nxe4 {1-0 (61) Ragger,M (2694)-Inarkiev,E (2714) Novi Sad 2016}) 11... Bxc3+ 12. bxc3 Nb6 13. Nd2 c6 14. Qb3 Qe7 15. O-O g5 16. Bg3 Nh5 17. a4 {[%cal Ba2a4,Ba4a5][%mdl 32]} Nxg3 18. hxg3 Rab8 19. a5 Nd7 20. c4 Nf6 21. cxd5 cxd5 22. Nf3 Rfc8 23. Ne5 Rc7 24. Rfc1 {[#] Threatens to win with Nc6!} Rbc8 25. Rxc7 Rxc7 26. Nd3 Kg7 27. Nc5 Ne4 28. Qxd5 Nxc5 29. dxc5 Rxc5 $11 {[%mdl 4096] Endgame KQR-KQR} 30. Qb3 Qe5 31. Qa4 Rc4 32. Qa3 {The position is equal.} Rc3 33. Qa4 {[#]} Rc4 $1 {[%mdl 512]} 34. Qa3 (34. Qxc4 Qxa1+) 34... Qc3 35. Qxc3+ Rxc3 {KR-KR} 36. Rb1 Rc5 37. Rxb7 Rxa5 38. g4 Ra2 39. Kh2 Rxf2 {And now ...Ra2 would win.} 40. Rxa7 Re2 41. Ra3 Kg6 {Precision: White = 56%, Black = 56%.} 1/2-1/2

[Event "67th RUS-ch Superfinal Women 2017"]
[Site "St. Petersburg"]
[Date "2017.12.05"]
[Round "3"]
[White "Gritsayeva, Oksana"]
[Black "Kovalevskaya, Ekaterina"]
[Result "1/2-1/2"]
[WhiteElo "2373"]
[BlackElo "2405"]
[Annotator "TA"]
[PlyCount "116"]
[EventDate "2017.??.??"]
[EventType "tourn"]
[EventCountry "RUS"]
[SourceTitle "playchess.com"]
[Source "ChessBase"]
[SourceQuality "1"]

{[%evp 21,116,7,40,-53,-14,-104,-108,-96,-107,-82,-26,-73,-65,-73,-69,-80,-71,-87,-67,-86,-67,-83,-67,-99,-97,-121,-121,-118,-104,-140,-118,-127,-115,-110,-95,-95,-98,-92,-39,-95,-85,-91,-91,-97,-72,-78,-60,-68,-73,-70,-71,-120,-99,-114,-30,-33,-15,-47,0,-19,0,0,0,-6,-8,-8,0,-15,-13,-8,0,0,0,-89,-83,-80,-87,-81,-50,-50,-50,-86,-78,-94,-12,-47,0,0,0,0,0,0,0,0,0,0,0]} 1. e4 c5 2. Nf3 Nc6 3. Bb5 g6 4. Bxc6 bxc6 5. O-O Bg7 6. Re1 Nh6 7. c3 {[%cal Bc2c3,Bc3d4][%mdl 32]} O-O 8. d4 cxd4 9. cxd4 d5 10. e5 {B31: Sicilian: 2...Nc6 3 Bb5 g6} f6 11. e6 Nf5 {LiveBook: 4 Games} 12. Qe2 $146 (12. Bf4 $14) ({Predecessor:} 12. Nc3 Nd6 13. b3 Ne4 14. Nxe4 dxe4 15. Rxe4 Qd5 16. Re3 Bxe6 17. Qe2 Bf7 {½-½ (41) Borisek,J (2565)-Mamedov,R (2653) Reykjavik 2015}) 12... Qb6 $15 13. Nc3 (13. Qd3 $11 {remains equal.}) 13... Nxd4 $17 14. Nxd4 Qxd4 15. Be3 Qe5 (15... Qb4 $17 {White must now prevent ...d4.} 16. Rad1 f5) 16. Bc5 Qxe2 $1 17. Rxe2 f5 18. Rd1 Bf6 19. f4 Ba6 {aiming for ...Bxc3.} 20. Red2 Rfd8 21. Kf2 Kg7 22. Ke3 Bc8 23. Ne2 Bxe6 24. Nd4 Kf7 25. Rc1 Bd7 26. Nf3 Rdb8 27. b3 a5 28. Re2 Rb5 29. Kd2 h6 {[#]} (29... Rb7 $17 30. g3 e6) 30. Ne5+ (30. Bxe7 $1 $15 {[%mdl 512]} a4 (30... Bxe7 31. Ne5+) 31. Bxf6 Kxf6 32. Ne5) 30... Bxe5 $1 31. Rxe5 e6 32. h4 Rg8 33. Re2 g5 34. hxg5 $1 hxg5 35. g3 Rh8 36. Ke3 Rh3 37. Kf3 Rb8 (37... Rh5 $17 38. Bd6 Kg6) 38. fxg5 $11 Kg6 39. Bd6 Rbh8 40. Rc5 Ra8 41. Bf4 Rh1 42. Ke3 e5 43. Bxe5 Kxg5 44. Kf3 a4 45. b4 Rf1+ 46. Kg2 Rb1 47. Bc3 {[#]} (47. Ra5 $11 {keeps the balance.} Rxa5 48. bxa5) 47... Re8 $1 $17 {[%cal Re8e2]} 48. Rxe8 Bxe8 {[%mdl 4096] Endgame KRB-KRB} 49. Ra5 d4 50. Bxd4 Rxb4 51. Bc3 Rc4 52. Bd2+ Kg4 ({Black should try} 52... Kf6 $17 53. Kf3 Rc2) 53. Ra8 Rc2 54. Rxa4+ {The position is equal.} Kh5 55. Rd4 Rxa2 56. Rd6 {Rh6+ would kill now.} Kg4 57. Rd4+ Kh5 58. Rd6 {White wants to mate with Rh6+.} Kg4 {Precision: White = 46%, Black = 34%.} 1/2-1/2

[Event "67th RUS-ch Superfinal Women 2017"]
[Site "St. Petersburg"]
[Date "2017.12.06"]
[Round "4"]
[White "Goryachkina, Aleksandra"]
[Black "Galliamova, Alisa"]
[Result "1/2-1/2"]
[WhiteElo "2486"]
[BlackElo "2443"]
[Annotator "TA"]
[PlyCount "115"]
[EventDate "2017.??.??"]
[EventType "tourn"]
[EventCountry "RUS"]
[SourceTitle "playchess.com"]
[Source "ChessBase"]
[SourceQuality "1"]

{[%evp 18,115,9,0,0,-12,0,-9,0,0,0,0,0,0,0,0,1,1,4,-21,0,-14,-17,-17,-21,-27,-27,-30,-27,-27,-25,-69,-68,-69,-69,-71,-65,-87,-52,-52,-44,-44,-44,-68,-41,-64,-64,-64,-64,-64,-64,-64,-43,-56,0,-56,0,-56,0,-56,0,-37,0,-27,0,-14,0,-22,-6,-6,16,14,16,0,7,7,0,16,16,16,16,16,16,0,16,0,16,0,30,0,16,0,16,16,16,16,16,16,16,0]} 1. d4 d5 {[%cal Bd7d5,Bd5c4][%mdl 32]} 2. c4 c6 3. Nf3 Nf6 4. g3 dxc4 5. Bg2 b5 6. Ne5 {D11: Slav Defence: 3 Nf3 sidelines and 3...Nf6 4 e3 Bg4} Bb7 7. O-O e6 8. b3 cxb3 9. axb3 Be7 10. Nc3 {LiveBook: 6 Games} a6 11. Bg5 O-O 12. e3 Qc7 $146 ({Predecessor:} 12... Ra7 13. h4 c5 14. dxc5 Bxg2 15. Kxg2 Qxd1 16. Rfxd1 Bxc5 {½-½ (31) Li,C (2687)-Tomashevsky,E (2733) St Petersburg 2012}) 13. Qe2 Nbd7 14. Nxd7 Qxd7 15. Bxf6 Bxf6 16. Ne4 Be7 17. Rfc1 a5 18. Qc2 Ra6 19. Ra2 Rfa8 20. Rca1 h6 21. Nc5 Bxc5 $1 22. Qxc5 Qd8 23. h4 a4 24. b4 Qf8 25. Qc3 Qd6 26. Rc1 Re8 27. f4 h5 28. Qb2 Bc8 {[%cal Bb7c8,Bc8d7,Bd7e8][%mdl 32]} 29. Rc5 g6 30. Qc3 {[%cal Rg2c6]} Bd7 31. e4 Rd8 32. e5 Qe7 33. Kf2 {[%cal Bg1f2,Bf2e3,Be3d2,Bd2c3,Bc3b2,Bb2a2][%mdl 32]} Be8 34. Ke3 Rb6 35. Rd2 Ra6 (35... Qa7 $15) 36. Qa3 (36. Ra2 $11) 36... Rb6 ({Black should play} 36... Bd7 $15) 37. Bf3 (37. Qc3 $11) 37... Ra6 (37... Bd7 $15) 38. Rd3 (38. Bg2 $11) 38... Rb6 (38... Bd7 $15) 39. Kd2 Ra6 40. Kc3 Rb6 41. Kb2 Ra6 42. Ka2 Kg7 43. Qc3 a3 44. Bd1 Rd5 45. Bb3 Rd8 46. Qe1 Bd7 47. Bd1 Rda8 48. Bf3 R6a7 49. Qd2 Ra6 50. Bd1 R6a7 51. Bc2 Ra6 52. Qg2 R6a7 53. Rd1 Rh8 {The position is equal.} 54. Rh1 Be8 55. Qf2 Qd8 56. Rd1 Qe7 57. Rd3 Bd7 58. Qe1 {Precision: White = 42%, Black = 44%.} 1/2-1/2

[Event "67th RUS-ch Superfinal Women 2017"]
[Site "St. Petersburg"]
[Date "2017.12.06"]
[Round "4"]
[White "Girya, Olga"]
[Black "Bodnaruk, Anastasia"]
[Result "1-0"]
[WhiteElo "2484"]
[BlackElo "2428"]
[Annotator "TA"]
[PlyCount "51"]
[EventDate "2017.??.??"]
[EventType "tourn"]
[EventCountry "RUS"]
[SourceTitle "playchess.com"]
[Source "ChessBase"]
[SourceQuality "1"]

{[%evp 10,51,14,14,64,54,50,53,180,174,174,172,152,157,125,90,255,260,280,214,203,197,202,199,621,611,575,577,1321,1314,1258,1211,29988,29989,29989,29990,29990,29991,29993,29994,29996,29996,29998,29999]} 1. d4 Nf6 2. Bf4 g6 3. Nc3 d5 4. e3 Bg7 5. h4 (5. Nf3 O-O 6. Be2 c5 7. O-O cxd4 8. exd4 Bg4 9. h3 Bxf3 10. Bxf3 Nc6 11. Ne2 b5 12. c3 e6 13. a3 a5 14. Nc1 b4 15. a4 Ne4 16. Bxe4 dxe4 {½-½ (85) Carlsen,M (2837)-Ding,L (2774) Saint Louis 2017}) 5... O-O 6. h5 {LiveBook: 13 Games. A45: Trompowsky Attack} Nxh5 (6... c5 $5) 7. Rxh5 gxh5 8. Qxh5 {White is slightly better.} f5 (8... Nd7 $1 $14) 9. Nf3 {[%mdl 1024] White has strong compensation.} c6 10. Bd3 Nd7 {[#]} 11. O-O-O $1 Nf6 $146 12. Qh4 Qe8 $2 {[#]} (12... e5 $16 {was worth a try.} 13. dxe5 (13. Nxe5 Ne4 $11) 13... Ng4) 13. Rh1 $1 $18 h5 14. Ne5 Ng4 15. Nxg4 (15. Qxh5 Qxh5 16. Rxh5 Nxf2 $15) (15. Qg5 $6 Nxf2 16. Rxh5 Rf6 $16) 15... fxg4 16. Qg5 ({Worse is} 16. Qxh5 Qxh5 17. Rxh5 Kf7 $11) 16... Rf6 $2 (16... Rxf4 17. exf4 Qf7) 17. Be5 ({Less strong is} 17. Rxh5 Rxf4 18. Bh7+ (18. exf4 Qf7 $18) 18... Kf8 $18) 17... Qf7 18. Rxh5 Rxf2 19. Bg6 Rf1+ 20. Nd1 Rxd1+ 21. Kxd1 {White mates.} Qf1+ 22. Kd2 {[%cal Bd1d2,Bd2c3,Bc3b3][%mdl 32]} Qf2+ 23. Kc3 Qe1+ 24. Kb3 a5 25. Bh7+ Kf7 26. Qg6+ {Precision: White = 89%, Black = 31%.} 1-0

[Event "67th RUS-ch Superfinal Women 2017"]
[Site "St. Petersburg"]
[Date "2017.12.06"]
[Round "4"]
[White "Pogonina, Natalija"]
[Black "Kashlinskaya, Alina"]
[Result "1/2-1/2"]
[WhiteElo "2469"]
[BlackElo "2452"]
[Annotator "TA"]
[PlyCount "64"]
[EventDate "2017.??.??"]
[EventType "tourn"]
[EventCountry "RUS"]
[SourceTitle "playchess.com"]
[Source "ChessBase"]
[SourceQuality "1"]

{[%evp 20,64,0,-3,5,0,0,0,15,28,23,0,0,0,0,-18,23,36,80,73,83,-13,-12,-12,-12,-10,-11,-11,-10,-10,-11,-11,-14,-14,-10,-20,-7,-22,-22,-23,-8,-9,0,0,0,0,0]} 1. d4 Nf6 2. c4 e6 3. Nc3 Bb4 4. e3 O-O 5. Nge2 d5 6. a3 Bd6 7. Ng3 c5 8. dxc5 Bxc5 9. b4 Be7 {E46: Nimzo-Indian: Rubinstein: 4 e3 0-0 5 Ne2 without early Bd3} 10. Bb2 dxc4 (10... a6 11. cxd5 exd5 12. Bd3 Nc6 13. Nce2 Bd6 14. O-O Be6 15. f4 Bc7 16. Bc2 Bg4 17. Qd3 Bxe2 18. Nxe2 {½-½ (52) Svidler,P (2746)-Bologan,V (2672) Tromsoe 2013}) 11. Bxc4 {LiveBook: 6 Games} a5 12. Qxd8 $146 (12. b5 {seems wilder.} Qxd1+ 13. Rxd1 a4 14. O-O Nbd7 15. Nce4) ({Predecessor:} 12. b5 Qxd1+ 13. Rxd1 a4 14. O-O Nbd7 15. Nce4 Nxe4 16. Nxe4 Nb6 17. Be2 {0-1 (54) Mohota,N (2325)-Bulmaga,I (2354) Astana 2013}) 12... Rxd8 13. b5 Nbd7 14. Na4 b6 15. Ke2 Bb7 16. f3 Rac8 17. Rhc1 Nd5 18. Bd4 e5 19. Bxd5 $1 Bxd5 20. Nxb6 (20. Bxb6 $16 Rxc1 21. Rxc1) 20... Rxc1 $11 21. Rxc1 Be6 $36 {[%mdl 2048] Black has some pressure.} 22. Nxd7 Bxd7 23. Bb6 Bxb5+ 24. Kf2 Bxa3 25. Bxd8 Bxc1 26. Bxa5 {[%mdl 4096] Endgame KBB-KBN} Ba3 27. Bb6 f6 28. e4 g6 29. Nf1 Bc1 30. Ne3 {The position is equal.} Bxe3+ 31. Kxe3 Bf1 32. Kf2 Bb5 {Precision: White = 47%, Black = 55%.} 1/2-1/2

[Event "67th RUS-ch Superfinal Women 2017"]
[Site "St. Petersburg"]
[Date "2017.12.06"]
[Round "4"]
[White "Kovalevskaya, Ekaterina"]
[Black "Nechaeva, Marina"]
[Result "1/2-1/2"]
[WhiteElo "2405"]
[BlackElo "2424"]
[Annotator "TA"]
[PlyCount "59"]
[EventDate "2017.??.??"]
[EventType "tourn"]
[EventCountry "RUS"]
[SourceTitle "playchess.com"]
[Source "ChessBase"]
[SourceQuality "1"]

{[%evp 15,59,28,27,14,12,24,21,26,28,27,21,30,52,42,36,44,65,59,79,84,83,83,95,90,457,472,455,471,545,546,888,806,768,229,169,176,226,0,0,0,0,0,0,0,0,0]} 1. e4 c6 2. d4 d5 3. Nc3 dxe4 4. Nxe4 Bf5 5. Ng3 Bg6 6. Nh3 Nd7 7. Bc4 {B18: Classical Caro-Kann: 4...Bf5 sidelines} e6 8. Nf4 Bd6 {LiveBook: 9 Games} 9. Nxg6 {White has an edge.} (9. Bb3 Ngf6 10. Qf3 Qc7 11. h4 e5 12. Nxg6 hxg6 13. Bg5 exd4 14. O-O-O O-O-O 15. Rxd4 Be5 16. Rdd1 Nc5 17. Bc4 b5 18. Bxb5 cxb5 19. Qa8+ Qb8 20. Qc6+ Qc7 21. Qa8+ {½-½ (21) Fedorchuk,S (2624)-Postny,E (2611) Sibenik 2016}) 9... hxg6 10. Ne4 Ndf6 11. Ng5 $146 ({Predecessor:} 11. Qd3 Nxe4 12. Qxe4 Nf6 13. Qf3 Bb4+ 14. c3 Qxd4 15. Be2 Ba5 16. b4 Bxb4 {0-1 (31) Gonzalez,B-Carlsen,T Brazil CXEB 1997}) 11... Ne7 12. c3 Qc7 13. g3 c5 14. Qa4+ Nc6 15. dxc5 Bxc5 16. Bf4 Qb6 17. O-O-O Bxf2 18. Bxe6 fxe6 19. Nxe6 {Hoping for Nc7+.} Be3+ $2 {[%mdl 8192]} (19... g5 $16 20. Nc7+ Kf7 21. Nxa8 Rxa8 22. Bxg5 Be3+ 23. Bxe3 Qxe3+ 24. Kb1 Rd8) 20. Kb1 $18 Bxf4 21. Qxf4 Rd8 22. Nxd8 Nxd8 23. Rhe1+ Kf7 24. Rd7+ $2 (24. Rd6 Ne6 25. Qe5 Qxd6 26. Qxd6) 24... Kg8 {[#]} 25. Rd6 $1 {[%cal Rd6b6][%mdl 1024] White has strong compensation.} ({Resist} 25. Qc4+ $6 Kh7 $16) 25... Nc6 {[#]} 26. Qc4+ $2 (26. g4 $1 $18 {[%cal Rg4g5]} g5 27. Qc4+ Kf8 28. Rf1) 26... Kh7 $1 $11 {The position is equal.} 27. Qh4+ Kg8 28. Qc4+ Kh7 $1 29. Qh4+ Kg8 30. Qc4+ {Precision: White = 58%, Black = 52%.} 1/2-1/2

[Event "67th RUS-ch Superfinal Women 2017"]
[Site "St. Petersburg"]
[Date "2017.12.06"]
[Round "4"]
[White "Shuvalova, Polina"]
[Black "Gunina, Valentina"]
[Result "1/2-1/2"]
[WhiteElo "2385"]
[BlackElo "2510"]
[Annotator "TA"]
[PlyCount "172"]
[EventDate "2017.??.??"]
[EventType "tourn"]
[EventCountry "RUS"]
[SourceTitle "playchess.com"]
[Source "ChessBase"]
[SourceQuality "1"]

{[%evp 22,172,0,0,8,6,7,0,10,8,10,0,0,0,0,0,0,0,4,-1,22,18,37,4,8,-8,-7,-7,-7,-35,-4,-4,-4,-3,-1,-2,0,-6,9,11,49,49,50,56,55,58,58,47,56,27,23,11,14,11,11,11,12,8,8,8,12,12,12,12,24,12,12,16,35,8,41,8,8,8,0,0,0,0,0,0,0,0,136,130,141,134,115,94,94,94,579,566,487,335,708,681,641,441,615,82,82,82,29945,11713,6107,0,2041,82,82,82,82,82,82,82,82,82,82,82,82,82,82,82,82,82,82,82,82,82,82,82,82,82,82,82,82,82,82,82,82,82,82,82,82,82,82,82,82,82,82,82,82,82,82]} 1. d4 Nf6 2. c4 e6 3. g3 Bb4+ 4. Bd2 Be7 5. Bg2 d5 6. Nf3 O-O 7. O-O Nbd7 8. Qc2 c6 9. Bf4 b6 10. cxd5 cxd5 11. Rc1 {E08: Closed Catalan: Main Line: 7 Qc2} Bb7 12. Qb3 {LiveBook: 3 Games} Ne4 $146 ({Predecessor:} 12... Rc8 13. Rxc8 Qxc8 14. Nc3 Nh5 15. Bg5 Bxg5 16. Nxg5 Qb8 17. e3 Nhf6 18. Bf1 Rc8 {½-½ (43) Giri,A (2785)-Karjakin,S (2773) Bilbao 2016}) 13. Nbd2 {The position is equal.} Nd6 14. Ne5 Rc8 15. Qa4 b5 16. Rxc8 bxa4 17. Rxd8 Rxd8 18. Rc1 {Hoping for Rc7.} Nxe5 19. dxe5 Nb5 20. Nf3 h6 21. Bd2 a3 22. bxa3 Bxa3 23. Rc2 Rc8 24. Rxc8+ Bxc8 25. Ne1 Nd4 26. Bf1 $1 Nc6 27. f4 Nb4 28. Be3 a5 29. Bb6 a4 30. Bc5 d4 31. Nd3 Nxd3 32. Bxa3 $14 {[%mdl 4096] Endgame KBB-KBN} Ne1 33. Bc5 d3 $1 {[%cal Rd3d2]} 34. exd3 Ba6 35. Bb4 Nxd3 36. Bd6 Bc4 37. a3 g5 38. fxg5 hxg5 39. h4 gxh4 40. gxh4 Kh7 41. Bg2 Bd5 42. Bh3 Kg6 43. Bg4 Nb2 44. Kf2 Bb3 45. Ke3 f5 46. Bf3 Bd1 47. Bc6 Kh5 48. Be7 Kg4 49. Be8 f4+ 50. Kd2 $1 {[%cal Rd2c3]} f3 51. Bc5 Bb3 (51... Be2 $11) 52. h5 $16 {[%cal Bh4h5,Bh5h6][%mdl 32]} Nc4+ 53. Kc3 Kg5 {[#]} 54. Bd4 $1 Kh6 55. Kb4 Kg7 $2 {[%mdl 8192]} (55... Kg5 $16 {is tougher.}) 56. Bb5 $18 Nd2 57. h6+ Kh8 $2 (57... Kxh6 58. Be3+ Kg6) 58. Bd3 Bd5 59. Kxa4 Ne4 60. Bxe4 $2 (60. Kb4 $18 {has better winning chances.} Kh7 61. Be3) 60... Bxe4 {KB-KB} 61. Kb5 {aiming for a4.} Bd3+ $2 {[%mdl 8192] [#]} (61... Kh7 $16) 62. Kb6 (62. Ka5 $142 Kh7 63. Be3 f2 64. Bxf2 Kxh6 65. a4 Kg6 66. Bc5 Be4 67. Kb6) 62... Bc2 63. Kb5 (63. Be3 $142 Kh7 64. Kb5) 63... Bd3+ $1 64. Kb4 $2 (64. Ka5 $18 {and the rest is easy. Strongly threatening a4.} Bc2 65. a4) 64... Kh7 $16 {White is better.} 65. Be3 {Black must now prevent a4.} f2 66. Bxf2 Kxh6 67. a4 {[%cal Ba3a4,Ba4a5][%mdl 32]} Kg7 68. Kc5 {And now Kb6 would win.} Kf7 69. Kc6 Ke8 70. Bh4 Be2 71. a5 Bd3 72. Kd6 Kf7 73. Bf6 Be2 74. Kd7 Bd3 75. Be7 Be2 76. Bd6 Bd3 77. Kd8 Be2 78. Bc5 Bd3 79. Bf2 Be2 80. Bg1 Bd3 81. Bc5 Be2 82. Kc7 Ke8 83. Kb7 Bf3+ 84. Kb8 {a6 is the strong threat.} Be2 85. Kc7 Bd3 86. Kb6 Kd7 {Precision: White = 67%, Black = 63%.} 1/2-1/2

[Event "67th RUS-ch Superfinal Women 2017"]
[Site "St. Petersburg"]
[Date "2017.12.06"]
[Round "4"]
[White "Ovod, Evgenija"]
[Black "Gritsayeva, Oksana"]
[Result "1/2-1/2"]
[WhiteElo "2364"]
[BlackElo "2373"]
[Annotator "TA"]
[PlyCount "126"]
[EventDate "2017.??.??"]
[EventType "tourn"]
[EventCountry "RUS"]
[SourceTitle "playchess.com"]
[Source "ChessBase"]
[SourceQuality "1"]

{[%evp 13,126,29,66,22,50,0,0,0,25,32,28,46,45,20,20,12,22,20,17,5,10,0,0,-71,-71,-87,-82,-81,-71,-71,-1,-19,-11,-6,0,0,0,-9,-6,-6,-8,-10,-15,-15,-6,-14,-4,-7,0,0,0,-25,-14,-61,-36,-84,-84,-89,-77,-83,-37,-37,-29,-50,0,0,0,0,0,-37,-37,-37,-37,-37,-38,-46,-46,-48,-45,-45,-45,-45,-33,-90,-32,-51,-51,-68,-9,-18,0,0,0,0,0,0,0,0,8,8,8,8,8,8,8,8,8,8,8,8,8,8,8,8,8]} 1. d4 d6 2. Nf3 g6 3. c4 Bg7 4. Nc3 e5 5. dxe5 dxe5 6. Qxd8+ Kxd8 7. Bd2 Ke8 {LiveBook: 3 Games. A41: 1 d4 d6: Tartakower System and Modern Defence} (7... f6 8. O-O-O Bd7 9. g3 Kc8 10. Bg2 Be6 11. b3 Nd7 12. Ne1 c6 13. Nd3 Nh6 14. Ne4 Kc7 15. f4 {½-½ (30) Bai,J (2585)-Lu,S (2620) Xinghua 2017}) 8. Nb5 Na6 9. Bc3 $146 ({Predecessor:} 9. O-O-O f6 10. h3 Nh6 11. g4 Nf7 12. Bg2 c6 13. Nc3 Be6 14. b3 f5 15. gxf5 gxf5 {½-½ (50) Shariyazdanov,A (2480)-Gelman,A (2390) Ekaterinburg 1996}) 9... f6 10. b4 Bd7 11. e4 Nh6 12. c5 Nf7 13. Bc4 c6 14. O-O-O cxb5 15. Bxf7+ $1 Ke7 16. Bd5 Rab8 $1 17. Rd3 Nc7 18. Rhd1 (18. Kb2 $11) 18... Nxd5 $17 19. Rxd5 Bc6 20. Rd6 Bh6+ 21. Kb2 Rhe8 (21... Rbd8 $17) 22. Ne1 Kf7 {next ...Bf8 is good for Black.} 23. f3 Bf8 24. R6d2 Bh6 25. Rd6 Re6 26. Rxe6 Kxe6 27. Rd6+ Kf7 28. Nc2 Re8 29. Rd1 Ke7 30. Be1 f5 31. exf5 gxf5 32. Bc3 Kf7 33. Re1 e4 $1 34. Nd4 {[#]} exf3 $1 35. Nxf3 Rxe1 36. Bxe1 {[%mdl 4096] Endgame KBB-KBN} Bf4 37. g3 Bb8 38. Nd4 Kf6 39. Bd2 Kg6 40. Kc3 Be5 41. Bf4 Bf6 42. Kd3 Be4+ 43. Ke3 a6 44. g4 Bb1 45. gxf5+ Bxf5 46. c6 bxc6 47. Nxc6 Be6 48. Nb8 (48. Ke4 $15) 48... Bxa2 (48... Bc8 $17 49. Bd6 Kf5) 49. Nxa6 Kf5 50. Nc7 Bc4 ({Black should play} 50... Bb2 $1 $15 51. Bg3 Bc4) 51. Ne8 $11 {The position is equal.} Bd4+ 52. Kxd4 Kxf4 {KB-KN} 53. Nd6 Bf1 54. Kc5 h5 55. Nxb5 h4 56. Nd6 Kf3 57. Kd4 Ba6 58. b5 Bxb5 $1 59. Nxb5 Kg2 60. Ke3 Kxh2 61. Kf2 Kh3 62. Nd4 Kg4 63. Nf3 h3 {Precision: White = 52%, Black = 60%.} 1/2-1/2